[Event "CAN-ch"]
[Site "Hamilton"]
[Date "1994.??.??"]
[Round "9"]
[White "Nickoloff, Bryon"]
[Black "Baragar, Fletcher"]
[Result "1-0"]
[WhiteElo "2390"]
[BlackElo "2285"]
[Annotator "John Upper"]
[PlyCount "63"]
[EventDate "1994.08.12"]
[EventType "tourn"]
[EventRounds "15"]
[EventCountry "CAN"]
[SourceTitle "Chess Canada Tactiosauru"]
[Source "CFC/John Upper"]
[SourceDate "2023.03.11"]
[SourceVersion "1"]
[SourceVersionDate "2023.03.11"]
[SourceQuality "1"]

{[%evp 0,63,27,27,27,0,19,40,43,43,44,44,29,14,59,25,19,43,43,39,79,10,49,24,
66,17,17,16,24,23,23,19,45,45,19,31,31,23,44,49,53,53,50,50,57,-8,0,0,0,0,0,
-100,2,-78,-79,-82,0,0,0,0,41,32,50,76,906,910]} 1. d4 {photo in Nick's...} Nf6
2. c4 g6 3. Nc3 Bg7 4. e4 d6 5. Be2 O-O 6. Nf3 e5 7. Be3 Ng4 8. Bg5 f6 9. Bh4
Qe8 10. dxe5 dxe5 11. c5 c6 12. Nd2 Nh6 13. f3 Qe7 14. b4 Rd8 15. Qa4 Be6 16.
Nc4 Nf7 17. Bf2 Nd7 18. Na5 Nf8 19. O-O a6 20. Rad1 Rxd1 21. Rxd1 Rd8 {[%mdl
32832] [#]} 22. Nxc6 $3 Rxd1+ 23. Bxd1 bxc6 24. Qxc6 Bc4 {Defending a6.} 25. a4
$4 (25. Nd5 $142 $1 $18 Bxd5 (25... Qd8 26. Bb3 $18) 26. exd5 Qd7 27. Qxd7 Nxd7
28. c6 $18) 25... Nd8 (25... f5 $1 $132) 26. Qa8 (26. Qc8 $142 $16) 26... Qd7
$1 27. Nd5 $1 Nfe6 $2 {[%mdl 64] This gives White the chance to be brilliant. 
[#] Critical Position} (27... Kh8 $142 {SF15, gets away from Ne7 checks and
doesn't self-pin the Nd8, both of which help control c6.}) 28. Be2 $3 {A
fantastic deflection sacrifice.} (28. c6 $4 Bxd5 $19 {pins the Pc6 to the Q;
this shows why the B has to be deflected from d5.}) 28... Bxe2 $8 (28... Bb3
29. a5 $1 {White wins the a-pawn and his queeside armada sails through.}) 29.
c6 Qf7 (29... Nc7 30. Qb8 $8 $19) 30. Bb6 $8 Qf8 $2 (30... Bf8 $1 {keeps the Q
on the 7th, but requires Black to find another fantastic move} 31. Bxd8 Bc4 $8
32. c7 (32. Nxf6+ $5 Kg7 33. Nd7 Qf4 34. h4 Qc1+ 35. Kh2 Qf4+ $11) 32... Bxd5
$1 33. Qxd5 Nxc7 $14) 31. Bxd8 Nxd8 32. c7 1-0

[Event "Olympiad"]
[Site "Moscow"]
[Date "1994.12.05"]
[Round "5"]
[White "Krylov, Sergei"]
[Black "Spraggett, Kevin"]
[Result "0-1"]
[WhiteElo "2290"]
[BlackElo "2530"]
[Annotator "John Upper"]
[PlyCount "94"]
[EventDate "1994.??.??"]
[EventType "team"]
[EventCountry "RUS"]
[SourceTitle "Chess Canada Tactiosauru"]
[Source "CFC/John Upper"]
[SourceDate "2023.03.11"]
[SourceVersion "1"]
[SourceVersionDate "2023.03.11"]
[SourceQuality "1"]

1. e4 g6 2. d4 Bg7 3. Nc3 c6 4. Nf3 d6 5. Be2 Nf6 6. O-O O-O 7. a4 Nbd7 8. h3
Qc7 9. Re1 b6 10. Bf1 e5 11. Bg5 h6 12. Be3 Re8 13. dxe5 dxe5 14. Qd2 Kh7 15.
Rad1 Bf8 16. Qc1 Nc5 17. Nd2 a6 18. b4 Ncd7 19. Bc4 Bxb4 20. Na2 Bc5 21. Bxf7
Re7 22. Bb3 Bxe3 23. Rxe3 Nc5 24. Nb4 Nh5 25. Nd3 (25. Nxc6 $142 $18) 25...
Nxd3 26. cxd3 Nf4 27. Nf3 c5 28. Qc3 a5 29. Rb1 Bd7 30. h4 Rf8 31. Rb2 Qd6 32.
g3 Nh3+ $1 33. Kg2 g5 $1 34. hxg5 hxg5 35. Nh2 g4 36. Bd1 Qg6 37. Re1 Kg7 38.
Rh1 Rh8 $8 39. Qb3 Rh6 40. Qc3 Kf8 41. Nf1 Qh5 42. Rh2 Rf7 43. Bb3 {[%mdl
32832] Diagram [#] Critical Position} Qf5 $3 $19 {Not the only winning move,
but objectively the strongest and subjectively the most impressive.} 44. f4 (
44. exf5 Bc6+ 45. f3 Bxf3#) (44. Bxf7 Qf3#) (44. Bd1 Qxf2+ 45. Rxf2 Rxf2+ 46.
Kh1 Rxf1+ 47. Kg2 Rg1#) (44. Ne3 Qxf2+ $3 45. Rxf2 Rxf2+ 46. Kh1 Rxh2+ 47. Kxh2
Nf4+ 48. Kg1 Ne2+ $19 {and Black is up a R.}) 44... gxf3+ $1 ({I think the
person who keyed it in got confused by the en passant capture, since Chessbase
Megabase continues with the obviously awful:} 44... exf4 $6 45. Kh1 f3 $4 46.
Bd1 $4 (46. exf5 $18) 46... Qf6 47. Qc4 Ng5 {0-1}) 45. Kh1 f2 $1 46. Bd1 (46.
exf5 Bc6+ 47. Rg2 Nf4+ 48. Nh2 Bxg2#) 46... Qf6 47. Qc4 Ng5 0-1

[Event "CAN-op"]
[Site "Toronto"]
[Date "1995.??.??"]
[Round "10"]
[White "Dougherty, Michael"]
[Black "Zugic, Igor"]
[Result "1-0"]
[WhiteElo "2225"]
[BlackElo "2462"]
[Annotator "John Upper"]
[PlyCount "33"]
[EventDate "1995.??.??"]
[EventType "swiss"]
[EventRounds "10"]
[EventCountry "CAN"]
[SourceTitle "Chess Canada Tactiosauru"]
[Source "CFC/John Upper"]
[SourceDate "2023.03.11"]
[SourceVersion "1"]
[SourceVersionDate "2023.03.11"]
[SourceQuality "1"]

{[%evp 0,33,28,28,55,31,28,28,30,1,12,-42,49,38,-60,21,-71,-75,-75,-82,-82,-82,
-80,-87,-85,-42,-50,-50,-39,-70,-41,-57,457,476,579,999]} 1. e4 e6 2. d4 d5 3.
Nc3 Bb4 4. exd5 exd5 5. Qf3 Ne7 6. Bd3 c5 7. dxc5 d4 8. a3 Qa5 9. axb4 Qxa1 10.
Nce2 Nbc6 $15 11. Nh3 Nxb4 12. Bb5+ Nbc6 13. O-O O-O 14. Ng5 Qa5 15. Bd3 {
[%mdl 32832] [#] What should Black do about White's threat to h7?} f5 $4 (15...
h6 $1 16. Nh7 $1 Re8 $4 17. Nf6+ gxf6 18. Qg3+ $18) (15... g6 16. Ne4 $1 $16 {
White is down an exchange for the DSB, but has a huge initiative against
Black's kingside dark squares; e.g.} f5 17. Bc4+ Kg7 18. Nxd4 fxe4 19. Bh6+ $8
$18) 16. Bc4+ $1 Kh8 17. Nxh7 $1 (17. Nxh7 $1 Qxc5 18. Qh5 $18 Qxc4 19. Nf6#)
1-0

[Event "Masters-Juniors"]
[Site "Montreal CAN"]
[Date "1997.??.??"]
[Round "6"]
[White "Goldenberg, Danny"]
[Black "Hebert, Jean"]
[Result "0-1"]
[WhiteElo "2255"]
[BlackElo "2450"]
[Annotator "John Upper"]
[PlyCount "80"]
[EventDate "1997.12.17"]
[EventType "schev"]
[EventRounds "6"]
[EventCountry "CAN"]
[SourceTitle "Chess Canada Tactiosauru"]
[Source "CFC/John Upper"]
[SourceDate "2023.03.11"]
[SourceVersion "1"]
[SourceVersionDate "2023.03.11"]
[SourceQuality "1"]

1. e4 c5 2. Nf3 Nc6 3. d4 cxd4 4. Nxd4 e6 5. Nc3 a6 6. Be2 Qc7 7. O-O Nf6 8.
Be3 Bb4 9. Nxc6 bxc6 10. Bd3 d5 11. exd5 cxd5 12. f4 {[#]} Bc5 $5 $15 {An
interesting choice: trading the "good" B and giving White easier access to the
central dark squares. Worth remembering when this game gets decided by control
of d5 and e5.} (12... Bxc3 13. bxc3 Qxc3 14. Kh1 $13 {enabling Bd4 with lots
of comp.}) 13. Bxc5 Qxc5+ 14. Kh1 O-O 15. Qf3 Bb7 16. Rae1 Rab8 17. Re5 $5 {
Stops ...d4 and prepares to swing the R to the g- or h-file.} Qb6 18. Qh3 {
[#] If you need yet another Critical Position try this: ...Qxb2 or ...?} g6 $1
{There's nothing objectively wrong with ..Qxb2, but this was a Masters vs
Juniors tournament, and the cagy veteran playing Black may have thought it was
better not to jump into a calculating battle against a junior.} (18... Qxb2 $5
{leads to interesting complications} 19. Rb1 $1 (19. Bxh7+ $4 Nxh7 20. Rh5 Qxc2
{defending h7} 21. f5 {interfering with the defence} d4 $1 {attacking c3 and g2
} 22. Rxh7 Qxg2+ $1 $19 {and taking the Rh7 with a winning endgame.}) 19... Qa3
(19... Qxc3 $4 20. Bxh7+ $18) 20. Bxh7+ $1 Nxh7 21. Rh5 Bc8 $8 {threatening
mate in 2 with ...Rxb1} 22. Rg1 (22. Rxh7 Rxb1+ 23. Nxb1 Qc1#) 22... e5 23. Qh4
f6 24. Rxh7 Bf5 25. Rh8+ Kf7 26. Rxf8+ Rxf8 27. Nxd5 $13) 19. Qh4 Kg7 {[#]} 20.
f5 $1 (20. g4 $2 d4+ 21. Ne4 Nxe4 22. Bxe4 Bxe4+ 23. Rxe4 Qb7 24. Rfe1 f5 $19)
20... Rbe8 (20... exf5 21. Bxf5 $5 d4 $1 (21... gxf5 $2 22. Rexf5 $18 Ne4 23.
Nxe4 dxe4 24. Rg5+ Kh8 25. Rh5 Qg6 26. Rf6 Qg7 27. Rfh6 $18) 22. Ne4 $15) 21.
fxg6 fxg6 $8 22. Na4 {Attacking the Qb6 and hoping to set up Qd4.} Qa7 $1 (
22... Qc6 $6 23. Qd4 $1 {with discovered attacks on the diagonal and pressure
on e6 with Nc5.}) 23. Rfe1 Rf7 {[%mdl 32832] [#] Critical Position What
happens if Rxe6? What if 24. b4 Ne4?} 24. b4 {Supporting Nc5. The
hard-to-consider move Qb4!+/= -- going after the queenside dark squares -- is
the computer's choice.} (24. Rxe6 $2 Rxe6 25. Rxe6 Ne4 $8 $19 {with back rank
issues. Note: if Black's R was still on f8 instead of f7, White would win here
with Re7+.} 26. h3 (26. Bxe4 $2 Rf1#) 26... Qd4 $8 $19 {again this square!
Black threatens ...Nf2+ winning the Q.} 27. Bxe4 Rf1+ 28. Kh2 Qg1+ 29. Kg3 Qf2+
$18 {wins the Q or mates.}) 24... Ne4 {[#] The tactics here are about who can
get a Q to d4, and both sides have ways to exploit minor pieces geting pinned
to their Q.} 25. Bxe4 $2 (25. Nc5 $142 $13 Nxc5 $2 (25... Qb6 $142 26. Bxe4
Qxb4 $5 (26... dxe4 27. a3 $13) 27. Rxe6 Ref8 $1 28. Re7 $13) 26. Qd4 $8 $18
Kg8 (26... Nxd3 27. Qxa7 Nxe5 28. Qd4 $8 $18) 27. Rxe6 $1 Rxe6 28. Rxe6 Nxd3
29. Re8+ $8 $18) 25... Qd4 $1 26. Nc5 $2 (26. Qg3 $142 dxe4 27. Qc3 (27. Nc5
Bd5 $17) 27... Qxc3 28. Nxc3 Rf5 $1 29. Rc5 Rxc5 30. bxc5 $15) 26... Qxe5 27.
Nxb7 dxe4 {[#] Black is up an exchange and has a passed pawn and has play
against the white K. Black uses all of those to win quickly.} 28. Nc5 Ref8 29.
g3 e3 30. Qh3 Rf5 31. g4 Rf3 32. Qg2 Qd5 33. Kg1 Kg8 34. Nd3 Qd4 35. Re2 e5 36.
g5 e4 37. Ne1 Rf2 38. Qg4 Rxe2 39. Qxe2 Qd2 40. Qc4+ Kh8 0-1

[Event "Quebec-ch U18"]
[Site "Montreal CAN"]
[Date "1998.03.07"]
[Round "6"]
[White "Charbonneau, Pascal"]
[Black "Marineau, Remi"]
[Result "1/2-1/2"]
[WhiteElo "2126"]
[BlackElo "1777"]
[Annotator "John Upper"]
[PlyCount "49"]
[EventDate "1998.03.05"]
[EventType "tourn"]
[EventRounds "7"]
[EventCountry "CAN"]
[SourceTitle "Chess Canada Tactiosauru"]
[Source "CFC/John Upper"]
[SourceDate "2023.03.11"]
[SourceVersion "1"]
[SourceVersionDate "2023.03.11"]
[SourceQuality "1"]

1. e4 c5 2. Nf3 e6 3. d3 d5 4. Nbd2 Nc6 5. g3 Nf6 6. Bg2 Bd6 7. O-O O-O 8. Nh4
b5 9. f4 c4 10. e5 Bc5+ 11. Kh1 Nd7 12. Ndf3 Qb6 13. c3 {[#]} cxd3 14. Qxd3 b4
$1 $15 15. c4 $2 dxc4 16. Qxc4 Ba6 17. Qe4 Bxf1 18. Bxf1 Rfd8 19. f5 exf5 20.
Nxf5 Ndxe5 $1 $19 (20... Ncxe5 $1 {also clears the 6th rank and the long
diagonal.}) 21. Ng5 {[%mdl 32832] [#] Critical Position Black is up an
exchange and a pawn, but White's Ns hover over the black K (Nh6+!?). Choose
between ...g6, ...Ng6, or something else.} (21. Nxe5 Nxe5 22. Qxe5 $2 Qb7+ 23.
Bg2 Rd1+ $19) 21... Ng6 $4 {weakens f7 (and c4), which White immediately
punishes.} (21... g6 $142 {feels wrong to move pawns where the opponent is
attacking, but here it works:} 22. Nh6+ Kg7 $19 23. Bf4 Rf8 $1 $19) (21... Rd1
$142 $19 {Best: ties down White's back rank. With the Ne5 defending f7 the
attack with Nh6+ fails; e.g.} 22. Nh6+ gxh6 23. Qxh7+ Kf8 24. Ne6+ (24. Qh8+
Ke7 25. Qxa8 Rxf1+ $19) 24... Ke8 $1 $19 {remember that the Bf1 can't join the
attack (Bh3+) because it's pinned.} (24... fxe6 $4 25. Bxh6+ $18)) 22. Nxf7 $3
$11 Rd1 $1 {The best defence, but now it only draws.} (22... Kxf7 $4 23. Bc4+
Kf8 24. Qe6 $18 {with mates on f7 or g8.}) (22... Rf8 $6 {might be playable,
but it is asking for trouble:} 23. Bc4 Rxf7 24. Bxf7+ Kxf7 25. Qd5+ Kf8 26. Bg5
{threat: Rf1} Rd8 $8 27. Bxd8 Nxd8 28. Rf1 Be7 $8 $13) 23. N7h6+ $1 (23. N5h6+
gxh6 24. Nxh6+ Kg7 25. Bg5 $1 Rxa1 26. Nf5+ $11 {with a perpetual.}) {[#]}
23... Kh8 $8 (23... gxh6 $4 24. Qe6+ Kh8 (24... Kf8 25. Bxh6#) 25. Qf6+ Kg8 26.
Qg7#) (23... Kf8 $4 24. Bg5 $8 Rxa1 25. Qe6 $18 {with mates on f7 or g8.}) 24.
Nf7+ Kg8 25. N7h6+ 1/2-1/2

[Event "CAN-ch"]
[Site "Brantford CAN"]
[Date "1999.09.02"]
[Round "3"]
[White "Yoos, John"]
[Black "Duong, Thanh Nha"]
[Result "1-0"]
[WhiteElo "2302"]
[BlackElo "2332"]
[Annotator "John Upper"]
[PlyCount "63"]
[EventDate "1999.08.31"]
[EventType "swiss"]
[EventRounds "9"]
[EventCountry "CAN"]
[SourceTitle "Chess Canada Tactiosauru"]
[Source "CFC/John Upper"]
[SourceDate "2023.03.11"]
[SourceVersion "1"]
[SourceVersionDate "2023.03.11"]
[SourceQuality "1"]

{We can't have a Tactics issue without at least one King's Gambit from Jack
Yoos, and this one is pretty interesting as Black continually rejects drawing
lines to play for the win.} 1. e4 e5 2. f4 exf4 3. Nf3 d6 4. Bc4 h6 5. d4 g5 6.
h4 Bg7 7. O-O Nc6 8. c3 Qe7 9. a4 Bd7 10. a5 {[#]} a6 (10... O-O-O 11. b4 Nb8
$2 12. b5 Nf6 13. e5 $14 {(1-0, 45) Anderssen,A-Riemann,F Breslau, 1874.}) 11.
Qd3 Nd8 12. b3 Ne6 13. e5 dxe5 14. Ba3 Qd8 15. Re1 g4 $1 16. Nxe5 Qxh4 17. Nd2
Bxe5 18. Rxe5 O-O-O {[#]} 19. Ne4 $2 (19. Qe4 $142 $15 {and if ...g3 White can
defend with Nf3.}) 19... g3 $1 $19 20. Bxa6 Qh2+ 21. Kf1 Qh1+ 22. Ke2 {[#]
Critical Position What happens if ...Qxa1?} Qxa1 $6 {[%mdl 33344] Black is
winning after this, but he should have started by taking on g2 with check, and
then going back to threaten the R.} (22... Qxg2+ $142 {wins the g-pawn before
going back to take the Ra1.} 23. Ke1 Qh1+ $1 24. Kd2 (24. Qf1 {saves the R, but
} g2 $19 {wins even more.}) 24... Qxa1 {is like the game, but Black has two
passed pawns... and a much wider margin for error.}) 23. Bxb7+ $8 {[%mdl 512]
The only try.} ({If White passes Black can take on a3 or fortify with ...Bc6,
but he must avoid taking the Ba6:} 23. Kd2 bxa6 $2 24. Qxa6+ Kb8 25. Rxe6 $8
fxe6 (25... Bxe6 26. Qb5+ $11 {White has a perpetual.}) 26. Bc5 $11 {and Black
must force a draw.}) 23... Kxb7 $2 {[#]} (23... Kb8 $142 $19 {Analysis Diagram
[#]  It looks like suicide to allow Qa6, but Black has a winning counterattack
against that and anything else:} 24. Qa6 (24. Rxe6 $2 Bxe6 $8 25. Qa6 (25. Kf3
Bd5 $19) 25... Bg4+ 26. Kd3 Qb1+ 27. Kc4 Be2+ $19 {skewers a6.}) (24. Rb5 $5
Ka7 $8 $19 25. Bd5 Rb8 26. Bxe6 Bxb5 (26... fxe6 $4 27. Bc5+ $18) 27. Bc5+ Ka6
$8 $19 (27... Ka8 28. Bd5+ c6 29. Bxc6+ Bxc6 30. Qa6#) 28. Bc4 Qb2+ 29. Kf3
Qxb3 $1 $19) 24... Nxd4+ $8 $19 (24... c5 $2 {hoping to run to c7} 25. Nxc5 $1
Qxa3 26. Qd6+ Nc7 27. Na6+ Kxb7 28. Qb6+ Ka8 29. Nxc7#) 25. cxd4 (25. Kd3 Bb5+
$19) 25... Bg4+ 26. Kd2 Rxd4+ $19 {with a winning attack for Black.}) 24. Rxe6
$8 {[%mdl 512] Removes the guard of c5 and threatens mate-in-3 with: Qa6+ then
Rb6+ then Bd6#. Black has draws in hand, but playing for more has a paper thin
margin of error.} Ra8 $4 {Margin exceeded.} ({Taking the rook draws:} 24...
Bxe6 $142 25. Qb5+ $11 (25. Nc5+ Kc6 $8 26. Qa6+ $8 Kd5 27. Qc4+ Kd6 28. Ne4+
$11)) (24... fxe6 $142 25. Nc5+ $8 Kb8 $8 26. Nxd7+ $8 Kc8 (26... Rxd7 27. Qb5+
Kc8 28. Qa6+ Kb8 29. Qb5+ $11) 27. Nb6+ $8 $11 Kb7 (27... cxb6 28. Qa6+ $8 Kd7
29. Qb5+ $8 $11) 28. Qb5 $8 {in this position, with the additional moves ...
Qa2+ and K-backrank Black has a winning defence based on a ...Rxd4+ enabling
the Q to defend b6, taking the N and winning the game (see below).} c6 29. a6+
$8 Kc7 30. Qe5+ Kxb6 31. Qc5+ Kxa6 32. Qxc6+ $11) ({Black's only way to play
for more than a draw is with the intermdiate move:} 24... Qa2+ {An obvious
move, but almost impossible to see why it is necessary before playing ...Ra8.}
25. Kf3 $1 {[#] Analysis Diagram} (25. Ke1 $2 fxe6 $1 (25... Bxe6 $2 26. Qb5+
$11) 26. Nc5+ Kb8 $8 27. Nxd7+ Kc8 $8 28. Nb6+ Kb7 {Leads to the position
mentioned in the note above, but here Black has a defence.} 29. Qb5 (29. Qe4+
c6 $19) 29... Qf2+ $8 30. Kd1 Rxd4+ $8 {This is why the White K cannot retreat
after 24...Qa2+, but should go to f3.} 31. cxd4 Qxd4+ 32. Kc1 cxb6 $19) 25...
Ra8 $5 {This avoids the forced draws, but depending on the evaluation of the
final diagram in this line, maybe Black should go for the draw.} ({With the
White K on f3 Black only draws by taking the R:} 25... fxe6 26. Nc5+ Kb8 27.
Nxd7+ Kc8 28. Nb6+ Kb7 29. Qb5 $8 $11 Qf2+ 30. Kg4 Qxg2 (30... Nf6+ 31. Kh3
cxb6 $8 $11) 31. Nd5+ $8 $11 Kc8 32. Qa6+ Kd7 33. Qb5+ Kc8 $11 {blocking with .
..c6 loses the Q to a discovered N check.}) (25... Bxe6 {leads to a perpetual
we have seen:} 26. Qb5+ Kc8 27. Qa6+ Kd7 28. Qb5+ Kc8 $8 $11 ({because} 28...
c6 $4 29. Qb7+ Ke8 30. Nf6+ $1 Nxf6 31. Qe7#)) 26. Ra6 $3 (26. Nc5+ $2 Kc8 $19
{with the K on f3 (instead of e2) White cannot win with} 27. Qe4 {since} Qf2+
28. Kg4 Nf6+ $1 $19 {exploits the pin on the R to win the Q and the game.})
26... Qxa3 $5 (26... Rxa6 {draws} 27. Nc5+ Kb8 28. Nxd7+ $8 Kc8 29. Qxa6+ Kxd7
30. Qb5+ $11) 27. Nc5+ {leads to a long forced sequence and a very strange
position:} Qxc5 $8 28. dxc5 Rxa6 29. Qxd7 Nf6 30. Qb5+ Ka7 31. c6 Rb8 32. Qc5+
Ka8 33. b4 {WTF [#] Has Black really been avoiding draws to get this?? Leela
and SF15 both prefer Black here, and if he could get Nd6 there would be reason
for optimism. But Black's pieces are so preposterously uncoordinated -- is the
Ra6 so much better than the Pa5? -- that I think Black will struggle to hold.
Any ideas? . Back to the game.}) 25. Nc5+ $8 $18 {[#] After this, all lines
lead to mate.} Kb8 (25... Kc8 26. Qe4 $8 $18 {threatening mate by taking the
Ra8 and by ...Re8+. The white K can excape checks by zigzagging to c2 and
blocking with the B. If Black had pushed the white K to f3 with 24...Qa2+ ,
then this double-attack with Qe4 would lose to ...Qf2+ and ...Nf6+ winning the
Q.}) 26. Nxd7+ Kc8 27. Nb6+ $1 Kb8 28. Qb5 (28. Re8+ Kb7 29. a6+ Rxa6 (29...
Kxb6 30. Bc5+ $18) 30. Qe4+ c6 31. Re7+ Nxe7 32. Qxe7+ Kxb6 33. Bc5+ Ka5 34.
Qc7+ Rb6 35. Qxb6#) 28... Qa2+ 29. Kd1 (29. Kf3 {also wins.}) 29... Nf6 (29...
fxe6 30. Qe8+ Kb7 31. Qxa8#) 30. Nxa8+ Kc8 31. Qa6+ {[#]} Kb8 (31... Kd8 32.
Be7+ {#2}) 32. Rb6+ $1 {[%mdl 512]} 1-0

[Event "Eastern Ontario op"]
[Site "Ottawa CAN"]
[Date "2000.06.10"]
[Round "2"]
[White "Pacey, Kevin"]
[Black "Voloaca, Mihnea"]
[Result "0-1"]
[WhiteElo "2341"]
[BlackElo "2239"]
[Annotator "John Upper"]
[PlyCount "84"]
[EventDate "2000.06.10"]
[EventType "swiss"]
[EventRounds "5"]
[EventCountry "CAN"]
[SourceTitle "Chess Canada Tactiosauru"]
[Source "CFC/John Upper"]
[SourceDate "2023.03.11"]
[SourceVersion "1"]
[SourceVersionDate "2023.03.11"]
[SourceQuality "1"]

1. e4 c5 2. Nf3 Nc6 3. d4 cxd4 4. Nxd4 Nf6 5. Nc3 d6 6. Be2 e6 7. O-O Be7 8.
Be3 O-O 9. f4 a6 10. a4 Qc7 11. Nb3 b6 12. Qe1 Na5 13. Qg3 Bb7 14. Nxa5 bxa5
15. Bd4 Rfb8 16. Kh1 g6 17. Bd3 Bc6 {[#] A standard Sicilian middlegame where
White chooses between triggering a piece explosion with e4-e5, or a positional
battle for d5 with f4-f5.} 18. e5 Nh5 19. Qh3 Rb4 $1 20. Ne2 Nxf4 21. Rxf4 dxe5
22. Rxf7 $1 Kxf7 23. Qxh7+ Ke8 24. Qxg6+ Kd7 25. Bc3 Rh4 26. Rd1 {[#]} Kc8 $6 {
Black bets everything on bringing his Rs to the kingside, but first gets his K
out of the way.} (26... Qd6 $15 {looks like it asks for trouble, but the Rd1
is undefended, and Black can block the d-file with ...Bd5.}) ({In fact, he
could have doubled immediately, since there is no great discovery on the
d-file:} 26... Rah8 $5 27. Bxa6+ $5 (27. Bf5+ Kc8 28. Qxe6+ Kb7 29. h3 R8h6 30.
Qb3+ $13 {and White will have to defend against takes twice on h3.}) 27... Bd5
$8 28. Rxd5+ $8 (28. Bb5+ Kc8 $19) 28... exd5 $13) 27. Qxe6+ Kb7 $6 {[%mdl
32832] [#] Critical Position White has extra material, but Black has threats
against the white K -- if it were Black's move ...Rah8 would win -- so White
should play: h3, Bxe5, or something else?} 28. Bxe5 $8 $18 (28. Ng3 $4 Rxh2+
29. Kxh2 Rh8+ $19) (28. h3 $2 Re8 $17 29. Bxe5 Rxh3+ $1 30. Qxh3 Qxe5 $19)
28... Rxh2+ $1 {[%mdl 512] Black's only try.} 29. Kxh2 $1 (29. Bxh2 $2 Rh8 $13
30. Ng3 $1 (30. Bxa6+ Kxa6 31. Qc4+ Kb7 32. Qf4 $13) (30. Qb3+ $6 Ka7 $8 31.
Bh7 $8 Rxh7 32. Qe3+ Kb7 33. Qf4 $13) 30... Qxg3 $8 31. Qxe7+ Ka8 32. Qd8+ Kb7
(32... Rxd8 $4 33. Bxg3 $18) 33. Qe7+ Kb6 34. Qd8+ $8 Kb7 $1 35. Bxa6+ $1 Ka7
$5 36. Qd4+ Kxa6 37. Qd3+ Qxd3 38. Rxd3 Bxa4 $16 {with good winning chances,
despite the opposite Bs.}) 29... Rh8+ {[#]} 30. Kg1 $4 (30. Kg3 $8 $18 {
White's K is exposed, and Black has some checks, but this simple move
basically ends the game.} Rg8+ (30... Bh4+ 31. Kg4 $18) 31. Qxg8 Qxe5+ 32. Kf2
$18) 30... Bc5+ $8 $11 31. Kf1 (31. Nd4 Bxd4+ 32. Bxd4 Qh2+ 33. Kf2 Qxg2+ $11)
31... Rh1+ 32. Ng1 Rxg1+ 33. Ke2 Rxg2+ 34. Ke1 $11 Qb6 35. Qf7+ $8 Ka8 36. Qf4
$8 Be3 37. Qf8+ $11 Ka7 {[#] Not a fun position to play when you're low on
time.} 38. Qe7+ $4 (38. Bb8+ $8 Qxb8 (38... Ka8 $4 39. Bc7+ $18) 39. Qe7+ Ka8
40. Qxe3 $11) 38... Bb7 $8 $19 {Now Black's K is safe and White's is wide open.
} 39. Bc7 Qh6 $1 40. Qh7 {[#]} Bd2+ $1 41. Kf1 Rg1+ $1 {[%mdl 512]} 42. Kxg1
Qg5+ {and ...Qg2#.} 0-1